[Event "Sortland CC-ch"]
[Site "Sortland"]
[Date "2017.03.21"]
[Round "1"]
[White "Larsen, Martin Halsvik"]
[Black "Dragland, Daniel"]
[Result "1-0"]
[WhiteElo "2029"]
[BlackElo "1492"]
[PlyCount "44"]
[EventDate "2017.03.21"]
[EventType "swiss"]
[EventRounds "6"]
[EventCountry "NOR"]
[SourceTitle "EXT 2024"]
[Source "ChessBase"]
[SourceDate "2023.10.10"]
[SourceVersion "1"]
[SourceVersionDate "2023.10.10"]
[SourceQuality "1"]

1. e4 e6 2. d4 d5 3. Nd2 c5 4. exd5 exd5 5. Ngf3 Nf6 6. c3 Bd7 7. Bd3 b5 8. 0-0 c4 9. Bc2 Be7 10. Ne5 0-0 11. Re1 Nc6 12. Ndf3 h6 13. Nxc6 Bxc6 14. Ne5 Bd7 15. Qf3 Re8 16. a4 b4 17. Qg3 Be6 18. Bxh6 Bf8 19. Bg5 Be7 20. Qh4 g6 21. Nc6 Qd6 22. Nxe7+ Kf8 1-0